000 00684nam a2200229Ia 4500
005 20241129110015.0
008 241129s9999||||xx |||||||||||||| ||und||
020 _a978-1-3502-8616-0
037 _aTB
040 _aARTS
_beng
_cARTS
041 _aeng
_2eng
084 _aR635x1,1:g R3
_qARTS
100 _aO'Brien - Kop Karen Au.
_9723518
245 0 _aPhilosophy of the yogasutra : introduction
_cO'Brien - Kop Karen Au.
260 _aUK
_bBloomsbury Academic
_c2019
300 _aix,186p.
365 _aUKP
_b16.99
490 _aBloomsbury introduction to world philosophies
650 _aPhilosophy
942 _cTB
_hR635x1,1:g R3
999 _c1226967
_d1226967